000 00667nam a2200205Ia 4500
003 OSt
005 20250305102126.0
008 210210b1995 xxu||||| |||| 00| 0 eng d
040 _cAL
041 _aKannada
082 _aK894.301 AMRM
100 _aAMRATA SOMESHVARA.
_9139412
_dಅಮೃತ ಸೋಮೇಶ್ವರ
245 _aManavate geddaga mattu itara ayda kathegalu.
_bಮಾನವತೆ ಗೆದ್ದಾಗ ಮತ್ತು ಇತರ ಆಯ್ದ ಕಥೆಗಳು
260 _aPutturu
_bAmrata Prakashana
_c1995
300 _axii,108
650 _aSannakategalu
_9139413
690 _aKannada Fiction
_9139414
906 _a049506
942 _2ddc
_cBK
999 _c98108
_d98108